Top 20 Manchester United Players By Appearance - Statistics

General Stats
  • This quiz has been taken 384 times
    231 since last reset
  • The average score is 10 of 20
Answer Stats
Appearances Duration Player % Correct
963 1991 – 2014 Ryan Giggs
95%
718 1994 – 2011 2012 – 2013 Paul Scholes
94%
559 2004 – 2017 Wayne Rooney
91%
602 1992 – 2011 Gary Neville
85%
455 2002 – 2014 Rio Ferdinand
81%
758 1956 – 1973 Sir Bobby Charlton
80%
545 2011 – 2023 David de Gea
75%
480 1993 – 2005 Roy Keane
74%
470 1963 – 1974 George Best
66%
529 1990 – 2002 Denis Irwin
54%
464 2006 – 2018 Michael Carrick
54%
461 1981 – 1994 Bryan Robson
47%
467 1983 – 19861988 – 1995 Mark Hughes
44%
471 1987 – 1998 Brian McClair
24%
539 1966 – 1978 Alex Stepney
15%
688 1952 – 1970 Bill Foulkes
11%
456 1972 – 1983 Martin Buchan
8%
485 1974 – 1988 Arthur Albiston
6%
510 1919 – 1933 Joe Spence
6%
535 1960 – 1973 Tony Dunne
4%
No matching quizzes found
Score Distribution
Percent of People with Each Score
Percentile by Number Answered
Your Score History
You have not taken this quiz since the last reset